Which Is a TF2 Weapon? - Statistics

General Stats
  • This quiz has been taken 85 times
  • The average score is 7 of 9
Answer Stats
Question Answer % Correct
Scout Pretty Boy’s Pocket Pistol
95%
Soldier Beggar’s Bazooka
93%
Medic Blutsauger
93%
Pyro Gas Passer
90%
Heavy Brass Beast
79%
Engineer Jag
76%
Demoman Persian Persuader
76%
Spy Sharp Dresser
74%
Sniper Hitman’s Heatmaker
62%
No matching quizzes found
Score Distribution
Percent of People with Each Score
Percentile by Number Answered
Your Score History
You have not taken this quiz